Stress-free living

Bibliographic Details
Main Author: M Walia, Lt Gen M M Walia
Corporate Author: Title
Format: Book
Published: USA : New Dawn Press , 2006
Subjects:

MARC

LEADER 00000cam a2200000 7i4500
001 0000012368
005 20080228.0
008 071213
020 |a 1845571258 
090 0 0 |a 155.9042   |b MWA 
100 1 |a M Walia, Lt Gen M M Walia 
245 1 0 |a Stress-free living   |c Lt Gen M M Walia 
260 |a USA :   |b New Dawn Press ,   |c 2006 
650 0 |a English fiction 
650 0 |a Relaxation 
650 0 |a Stress (Psychology)   |x Health aspects 
650 0 |a Stress management 
710 0 |a Title 
999 |a 0001003673   |b Book   |c Adult Collection   |e Perbadanan Perpustakaan Awam Johor 
999 |a 0001003674   |b Book   |c Adult Collection   |e Perbadanan Perpustakaan Awam Johor